[Event "Pan American-ch U16"]
[Site "Santiago de Chile"]
[Date "2018.07.23"]
[Round "2"]
[White "Quirhuayo Chumbe, German Gonzalo"]
[Black "Surya, Benito"]
[Result "1-0"]
[WhiteElo "2198"]
[BlackElo "1892"]
[PlyCount "95"]
[EventDate "2018.07.22"]
[EventType "swiss"]
[EventRounds "9"]
[EventCountry "CHI"]
[SourceTitle "EXT 2022"]
[Source "ChessBase"]
[SourceDate "2021.10.06"]
[SourceVersion "1"]
[SourceVersionDate "2021.10.06"]
[SourceQuality "1"]

1. e4 d5 2. exd5 Qxd5 3. Nc3 Qa5 4. d4 Nf6 5. Nf3 Bg4 6. h3 Bh5 7. g4 Bg6 8. Ne5 e6 9. Bd2 Qb6 10. Qf3 Bb4 11. 0-0-0 c6 12. a3 Bxc3 13. Qxc3 Ne4 14. Qe3 Nxd2 15. Rxd2 Nd7 16. h4 Nxe5 17. Qxe5 h5 18. Qxg7 0-0-0 19. g5 Rhg8 20. Qf6 Rd5 21. Bc4 Rd6 22. Rhd1 Rgd8 23. c3 Qa5 24. Bd3 e5 25. Qf3 exd4 26. Bxg6 fxg6 27. Rxd4 Rxd4 28. Rxd4 Rxd4 29. cxd4 Qe1+ 30. Kc2 Qe6 31. Kd2 Kd7 32. Qf4 Qb3 33. Ke1 Qd3 34. Qf7+ Kc8 35. Qe8+ Kc7 36. Qe7+ Kc8 37. Qe3 Qb1+ 38. Ke2 Qxb2+ 39. Kf3 Qb1 40. Qe8+ Kc7 41. Qe7+ Kc8 42. Qe6+ Kc7 43. Kf4 Qc2 44. Qe7+ Kb6 45. Qc5+ Qxc5 46. dxc5+ Kxc5 47. Ke5 Kc4 48. f4 1-0

[Event "Wch U16"]
[Site "Montevideo"]
[Date "2017.09.22"]
[Round "6"]
[White "Stoleriu, George"]
[Black "Quirhuayo Chumbe, German Gonzalo"]
[Result "1-0"]
[WhiteElo "2315"]
[BlackElo "2381"]
[PlyCount "81"]
[EventDate "2017.09.17"]
[EventType "swiss"]
[EventRounds "11"]
[EventCountry "URU"]
[SourceTitle "CBM 180 Extra"]
[Source "ChessBase"]
[SourceDate "2017.10.06"]
[SourceVersion "1"]
[SourceVersionDate "2017.10.06"]
[SourceQuality "1"]

1. d4 Nf6 2. Bg5 c5 3. Bxf6 gxf6 4. d5 Qb6 5. Qc1 Bg7 6. c4 d6 7. Nc3 f5 8. e3 Nd7 9. Qc2 Nf6 10. Bd3 Bd7 11. Nge2 e6 12. 0-0 h5 13. Rab1 h4 14. h3 Rc8 15. Rfe1 Nh5 16. a3 Qd8 17. Rbd1 Qg5 18. dxe6 fxe6 19. Nf4 0-0 20. Nxh5 Qxh5 21. Be2 Qg5 22. Rxd6 Bc6 23. Bf1 Qe7 24. Rd2 a6 25. Ne2 Rfd8 26. Red1 Rxd2 27. Rxd2 b5 28. cxb5 axb5 29. Nf4 c4 30. a4 Be4 31. Qd1 bxa4 32. Rd7 Qe8 33. Bxc4 Rxc4 34. Rd8 Rc8 35. Rxe8+ Rxe8 36. Qd7 Rb8 37. Qxe6+ Kh8 38. Ng6+ Kh7 39. Ne7 Kh8 40. Qg6 f4 41. Qxe4 1-0

[Event "Barcelona Sants op 19th"]
[Site "Barcelona"]
[Date "2017.08.25"]
[Round "8"]
[White "Quirhuayo Chumbe, German Gonzalo"]
[Black "Gonzalez Rodriguez, Jorge Armando"]
[Result "1-0"]
[WhiteElo "2397"]
[BlackElo "2274"]
[PlyCount "83"]
[EventDate "2017.08.18"]
[EventType "swiss"]
[EventRounds "10"]
[EventCountry "ESP"]
[SourceTitle "CBM 180 Extra"]
[Source "ChessBase"]
[SourceDate "2017.10.06"]
[SourceVersion "1"]
[SourceVersionDate "2017.10.06"]
[SourceQuality "1"]

1. e4 e6 2. d4 d5 3. Nc3 Bb4 4. Nge2 Nf6 5. e5 Ng8 6. a3 Bf8 7. f4 c5 8. dxc5 Bxc5 9. Qd3 Nc6 10. b4 Be7 11. g3 h5 12. Be3 Nh6 13. h3 Bd7 14. Bg2 Nf5 15. Bf2 Rc8 16. 0-0 g5 17. b5 Na5 18. fxg5 Bxg5 19. h4 Bh6 20. Bh3 Ne7 21. Bd4 Nc4 22. Kh2 Ng6 23. Nxd5 Ncxe5 24. Bxe5 Nxe5 25. Qe4 Bg7 26. Ndf4 Qb6 27. a4 Rc4 28. Qg2 Rxc2 29. Rad1 a6 30. Qe4 Rc4 31. Qb1 axb5 32. Rxd7 Kxd7 33. axb5 Kc8 34. Qa2 Kb8 35. Kh1 Rhc8 36. Ra1 Ng6 37. Qa8+ Kc7 38. Nd5+ exd5 39. Qxc8+ Kd6 40. Qd7+ Kc5 41. Rd1 Qd6 42. Qc8+ 1-0